|
|
|
|
| LEADER |
00645nab a2200181 i 4500 |
| 001 |
tisza20864 |
| 005 |
20200331091835.0 |
| 008 |
170328s2010 hu o 0|| hun d |
| 022 |
|
|
|a 0133-1167
|
| 040 |
|
|
|a SZTE Tiszatáj Archívum
|b hun
|
| 041 |
|
|
|a hun
|
| 100 |
1 |
|
|a Kovács András Ferenc
|
| 245 |
1 |
0 |
|a Alekszej Pavlovics Asztrov hagyatékából
|h [elektronikus dokumentum] :
|b Baka István emlékének /
|c Kovács András Ferenc
|
| 260 |
|
|
|c 2010
|
| 300 |
|
|
|a 7-10
|
| 490 |
0 |
|
|a Tiszatáj
|v 64 No. 12
|
| 695 |
|
|
|a Baka István, Magyar irodalom - vers
|
| 856 |
4 |
0 |
|u http://tiszataj.bibl.u-szeged.hu/20864/1/tiszataj_2010_012_007-010.pdf
|z Dokumentum-elérés
|